000 02196nam a22003737a 4500
999 _c21850
_d21850
003 AR-CdUCM
008 190425b ||||| |||| 00| 0 spa d
040 _aMUNICIPALIDAD PROVINCIAL DEL CUSCO
_cBIBLIOTECA MUNICIPAL DEL CUSCO
082 _aRev.Andi/N°28/1996
110 _aCentro Bartolomé de Las Casas
_93293
245 _aRevista andina /
_cCentro de estudios rurales andinos Bartolomé de Las Casas Cusco
260 _aCusco :
_bCentro Bartolomé de Las Casas,
_c1996.
300 _a295-608 páginas. :
_c23 cm.
440 _aPublicación Semestral del Centro Bartolomé de Las Casas Cusco.
_nAño 14, Número 28, N°2, segundo semestre 1996.
_946438
500 _aEducación bilingüe en los andes
505 _aContenido: Donde el zapato aprieta tendencias y desafíos de la educación bilingüe en el Perú. Luis Enrique López. -- El catálogo 1633 de jesuitas insignes fallecidos en el Perú. Rafael Vargas-Hidalgo. -- Textos aimaras en Guamán Poma. Marco A. Farrell R. -- El sistema de elementos gramaticales evidénciales o validadores en Quechua-Aru y Guaraní paraguayo estudio comparativo. Germán de Granda de Granda. -- Imaginando lo imaginado las narrativas de las naciones bolivianas. Michelle Bigenho. -- Juan Solano, O. P. 1505 ca-1580 segundo obispo de Cuzco, y la fundación del “Colegium S. Thomas de Urbe”. Carlo Longo. -- Leyes nuevas y perfil de tributación gobernación de Popayan 1543-1562. Carmen Beatriz Loza. -- Educación bilingüe e interculturalidad en los Andes y la Amazonía. Juan Carlos Godenzzi.
650 _aEducación bilingüe
_922011
650 _aJesuitas
_925162
650 _aGramática Quechua
_946439
650 _aGramática Aru
_946440
650 _aNarrativa boliviana
_910380
650 _aFray Juan Solano
_946441
650 _aObispos del Cusco
_945953
700 _aLópez, Luis Enrique
_98599
700 _aVargas Hidalgo ,Rafael
_946437
700 _aFarrell, Marco
_946442
700 _aDe Granda, Germán
_946421
700 _aBigenho, Michelle
_946443
700 _aLongo, Carlo
_946444
700 _aLoza, Carmen Beatriz
_946313
700 _aGodenzzi, Juan Carlos
_97427
942 _2ddc
_cPP
945 _arac